00664nam a2200181Ia 4500001001000000003000500010008004100015010001100056040000900067100002800076245016300104260010100267300001000368440001800378650001300396650004000409700003300449Para_1601CHAP220125s1984 xx 000 0 und d a200194 cCHAP aCépeda Siller Melchor aRevisión bibliográfica de nemátodos asociados al cultivo de la alfalfa Medicago sativa L. /c por Melchor Cépeda Siller y Juan José Bustos Chagolla aSaltillo, Coah. :b Universidad Autónoma Agraría "Antonio Narro". División de Agronomía a27 h. aBoletín; 17 aAlfalfa  aNematodos x parásitos de plantas aBustos Chagolla, Juan José